[Event "zonal 1.2a"]
[Site "Ptuj SLO"]
[Date "1995.04.20"]
[Round "13"]
[White "Mohr, Georg"]
[Black "Enders, Peter"]
[Result "1-0"]
[WhiteElo "2430"]
[BlackElo "2480"]
[EventDate "1995.04.05"]
[PlyCount "87"]

1.Nf3 Nf6 2.d4 g6 3.Bg5 Bg7 4.Nbd2 h6 5.Bh4 d6 6.e3 g5 7.Bg3 Nh5 8.c3 Nd7 
9.Bd3 e6 10.Qe2 b6 11.O-O-O Bb7 12.Ne1 Nxg3 13.hxg3 Qe7 14.g4 c5 15.Ba6 
Bxa6 16.Qxa6 O-O 17.Ne4 d5 18.Ng3 Rfb8 19.Nh5 Bh8 20.Qe2 b5 21.Nc2 a5 22.
e4 b4 23.exd5 bxc3 24.bxc3 cxd4 25.cxd4 Rb6 26.Rh3 Rc8 27.dxe6 fxe6 28.Qe4
Nf8 29.Rd2 a4 30.a3 Qc7 31.Rf3 Qh2 32.Kd1 Rb1+ 33.Ke2 Qg1 34.Rxf8+ Kxf8 
35.Ne3 Rc7 36.Qa8+ Ke7 37.Qxh8 Rc3 38.Qg7+ Kd8 39.Qf6+ Kc7 40.Qe5+ Kb7 41.
Kf3 Rb6 42.Nf6 Rxa3 43.Nd7 Qc1 44.Qb8+ 1-0

[Event "zonal 1.2a"]
[Site "Ptuj SLO"]
[Date "1995.04.20"]
[Round "13"]
[White "Robatsch, Karl"]
[Black "Kindermann, Stefan"]
[Result "0-1"]
[WhiteElo "2410"]
[BlackElo "2585"]
[EventDate "1995.04.05"]
[PlyCount "52"]

1.Nf3 Nf6 2.c4 c5 3.Nc3 Nc6 4.d4 cxd4 5.Nxd4 e6 6.a3 Nxd4 7.Qxd4 b6 8.b4 
Be7 9.e4 d6 10.Bb2 O-O 11.Be2 Ba6 12.Nd1 Bb7 13.f3 Nh5 14.O-O Bf6 15.Qe3 
Bg5 16.Qd4 Bf4 17.g3 Qg5 18.Qf2 Be5 19.Bxe5 Qxe5 20.Ne3 Nf6 21.Nc2 d5 22.
exd5 exd5 23.Nd4 dxc4 24.Bxc4 Rad8 25.Rad1 Rfe8 26.Rfe1 Rxd4 0-1

[Event "zonal 1.2a"]
[Site "Ptuj SLO"]
[Date "1995.04.20"]
[Round "13"]
[White "Sermek, Drazen"]
[Black "Kortschnoj, Viktor"]
[Result "1/2-1/2"]
[WhiteElo "2515"]
[BlackElo "2635"]
[EventDate "1995.04.05"]
[PlyCount "30"]

1.e4 e6 2.d4 d5 3.Nd2 dxe4 4.Nxe4 Nd7 5.Bd3 Ngf6 6.Qe2 c5 7.Nxf6+ Nxf6 8.
dxc5 Bxc5 9.Nf3 Qc7 10.O-O Bd6 11.Re1 Bd7 12.Ne5 Bxe5 13.Qxe5 Qxe5 14.Rxe5
Bc6 15.Re1 Nd5 1/2-1/2

[Event "zonal 1.2a"]
[Site "Ptuj SLO"]
[Date "1995.04.20"]
[Round "13"]
[White "Stanec, Nikolaus"]
[Black "Atlas, Valery"]
[Result "1/2-1/2"]
[WhiteElo "2465"]
[BlackElo "2450"]
[EventDate "1995.04.05"]
[PlyCount "85"]

1.e4 c5 2.Nf3 e6 3.d4 cxd4 4.Nxd4 Nf6 5.Nc3 d6 6.Be2 a6 7.f4 Qc7 8.O-O Be7
9.Be3 O-O 10.Qe1 b5 11.a3 Bb7 12.Bf3 Nbd7 13.Qg3 Nc5 14.e5 dxe5 15.fxe5 
Nfe4 16.Bxe4 Nxe4 17.Nxe4 Bxe4 18.c3 Bg6 19.h4 Bc5 20.Qf4 h5 21.Rf2 Rfd8 
22.Re1 Rd5 23.Nf3 Rad8 24.Bd4 a5 25.g4 b4 26.axb4 axb4 27.Rg2 bxc3 28.bxc3
Bf8 29.Kh2 Qc4 30.gxh5 Bxh5 31.Nd2 Qd3 32.Ne4 Bg6 33.h5 Bxe4 34.Rxe4 R8d7 
35.Re3 Qf5 36.Qxf5 exf5 37.h6 Rxd4 38.cxd4 Rxd4 39.hxg7 Bxg7 40.Reg3 Rh4+ 
41.Kg1 Rg4 42.Rxg4 fxg4 43.Rxg4 1/2-1/2

[Event "zonal 1.2a"]
[Site "Ptuj SLO"]
[Date "1995.04.20"]
[Round "13"]
[White "Zuger, Beat"]
[Black "Gostisa, Leon"]
[Result "1-0"]
[WhiteElo "2480"]
[BlackElo "2420"]
[EventDate "1995.04.05"]
[PlyCount "57"]

1.c4 c5 2.g3 e6 3.Bg2 Nf6 4.Nf3 Qc7 5.b3 a6 6.Bb2 Be7 7.e4 d6 8.O-O O-O 9.
Nc3 b6 10.d4 cxd4 11.Nxd4 Bb7 12.Rc1 Nbd7 13.f4 Rfe8 14.f5 Nc5 15.fxe6 
fxe6 16.b4 e5 17.Nf5 Ncxe4 18.Nxe4 Nxe4 19.Qg4 Bg5 20.Rce1 Nd2 21.Bxb7 
Qxb7 22.Qxg5 Nxf1 23.Nxd6 Nxh2 24.Kxh2 Qf3 25.Nxe8 Qf2+ 26.Kh3 Rxe8 27.
Bxe5 g6 28.Qe3 Qf5+ 29.g4 1-0

[Event "zonal 1.2a"]
[Site "Ptuj SLO"]
[Date "1995.04.21"]
[Round "14"]
[White "Kindermann, Stefan"]
[Black "Lobron, Eric"]
[Result "0-1"]
[WhiteElo "2585"]
[BlackElo "2575"]
[EventDate "1995.04.05"]
[PlyCount "118"]

1.e4 c5 2.Nf3 Nc6 3.d4 cxd4 4.Nxd4 Nf6 5.Nc3 e5 6.Ndb5 d6 7.Bg5 a6 8.Na3 
b5 9.Bxf6 gxf6 10.Nd5 Bg7 11.c3 f5 12.exf5 Bxf5 13.Nc2 Be6 14.Nce3 O-O 15.
g3 Rb8 16.Bg2 f5 17.Qh5 Rf7 18.f4 e4 19.O-O Ne7 20.Rad1 Nxd5 21.Nxd5 Qc8 
22.Qe2 Qc5+ 23.Qf2 a5 24.a3 Rc8 25.Ne3 Bb3 26.Rd2 b4 27.axb4 axb4 28.cxb4 
Qxb4 29.Bh3 Bd4 30.Kh1 Qb6 31.Rxd4 Qxd4 32.Bxf5 Ra8 33.Qe2 Kh8 34.Rc1 Rfa7
35.Rc3 Ra1+ 36.Kg2 Qxc3 37.bxc3 R8a2 38.Kf2 Rxe2+ 39.Kxe2 Ra2+ 40.Ke1 d5 
41.h4 Ra1+ 42.Ke2 h5 43.Be6 Ra2+ 44.Ke1 Ra5 45.Ke2 Kg7 46.Ke1 Kf6 47.Bg8 
Ke7 48.Ke2 Kd6 49.Bf7 Kc5 50.f5 Ra2+ 51.Ke1 Ra1+ 52.Kf2 Rc1 53.f6 Rxc3 54.
Bxh5 d4 55.Nf5 Rc2+ 56.Ke1 e3 57.f7 Rc1+ 58.Ke2 Bc4+ 59.Kf3 Rf1+ 0-1

[Event "zonal 1.2a"]
[Site "Ptuj SLO"]
[Date "1995.04.21"]
[Round "14"]
[White "Kortschnoj, Viktor"]
[Black "Robatsch, Karl"]
[Result "1-0"]
[WhiteElo "2635"]
[BlackElo "2410"]
[EventDate "1995.04.05"]
[PlyCount "83"]

1.c4 Nf6 2.Nc3 e6 3.e4 d5 4.e5 d4 5.exf6 dxc3 6.bxc3 Qxf6 7.Nf3 e5 8.Bd3 
Bf5 9.Bxf5 Qxf5 10.O-O Nd7 11.d4 O-O-O 12.Be3 exd4 13.cxd4 Nc5 14.Rb1 Be7 
15.Nd2 Ne4 16.Rb5 Qg6 17.Nxe4 Qxe4 18.Qa4 Qe6 19.Qxa7 Qa6 20.Qxa6 bxa6 21.
Ra5 Kd7 22.g3 Bb4 23.Rxa6 Ra8 24.Rxa8 Rxa8 25.Rb1 Bc3 26.Rc1 Bb4 27.Rc2 c6
28.Kf1 h6 29.Ke2 Ke6 30.Bc1 Ra7 31.Kd3 Bd6 32.h3 h5 33.a3 Kf5 34.c5 Bc7 
35.Re2 Bd8 36.Re5+ Kg6 37.Re8 Rd7 38.Be3 Kf5 39.a4 Be7 40.a5 f6 41.Kc4 Ra7
42.Bf4 1-0

[Event "zonal 1.2a"]
[Site "Ptuj SLO"]
[Date "1995.04.21"]
[Round "14"]
[White "Mohr, Georg"]
[Black "Lutz, Christopher"]
[Result "1/2-1/2"]
[WhiteElo "2430"]
[BlackElo "2560"]
[EventDate "1995.04.05"]
[PlyCount "98"]

1.Nf3 d5 2.c4 d4 3.g3 g6 4.Bg2 Bg7 5.d3 e5 6.O-O Ne7 7.Na3 O-O 8.Nc2 a5 9.
Bd2 Nd7 10.b4 axb4 11.Bxb4 c5 12.Bd2 Nb6 13.a4 e4 14.Ng5 exd3 15.exd3 Rxa4
16.Ne4 Rxa1 17.Qxa1 Nd7 18.Rb1 b6 19.Qa7 Nc6 20.Qa4 Nce5 21.f4 Ng4 22.Qc6 
Nh6 23.Nd6 Nf5 24.Nxf5 gxf5 25.Bh3 Re8 26.Kf1 Nf6 27.Qxb6 Qxb6 28.Rxb6 Ng4
29.Bxg4 fxg4 30.Rb8 Bd7 31.Rxe8+ Bxe8 32.Ba5 f6 33.Bb6 Bf8 34.Na3 Kf7 35.
Nb1 Ba4 36.Ke2 Ke6 37.Nd2 f5 38.Nb1 Kd7 39.Na3 Be7 40.Ba5 Kc6 41.Ke1 h5 
42.Kd2 h4 43.Kc1 h3 44.Kb2 Kb7 45.Nc2 Ka6 46.Be1 Bd8 47.Na1 Bd1 48.Nb3 Bb6
49.Bd2 Bxb3 1/2-1/2

[Event "zonal 1.2a"]
[Site "Ptuj SLO"]
[Date "1995.04.21"]
[Round "14"]
[White "Wach, Markus"]
[Black "Sermek, Drazen"]
[Result "1/2-1/2"]
[WhiteElo "2385"]
[BlackElo "2515"]
[EventDate "1995.04.05"]
[PlyCount "40"]

1.e4 c5 2.Nf3 e6 3.c3 Nf6 4.e5 Nd5 5.Bc4 d6 6.O-O Nc6 7.d4 cxd4 8.cxd4 Nb6
9.Bb3 dxe5 10.dxe5 Qxd1 11.Rxd1 Be7 12.Nc3 O-O 13.Be3 Nd7 14.Bf4 Nc5 15.
Bc2 h6 16.a3 g5 17.Bg3 a5 18.Ne4 Nxe4 19.Bxe4 Ra6 20.Rac1 Rd8 1/2-1/2

[Event "zonal 1.2a"]
[Site "Ptuj SLO"]
[Date "1995.04.22"]
[Round "15"]
[White "Grosar, Aljosa"]
[Black "Atlas, Valery"]
[Result "1-0"]
[WhiteElo "2475"]
[BlackElo "2450"]
[EventDate "1995.04.05"]
[PlyCount "85"]

1.e4 c5 2.Nf3 d6 3.d4 cxd4 4.Nxd4 Nf6 5.Nc3 e6 6.Be3 Be7 7.f3 O-O 8.Qd2 a6
9.g4 b5 10.O-O-O Nfd7 11.g5 Nb6 12.Bd3 Qc7 13.Kb1 Nc4 14.Bxc4 Qxc4 15.h4 
Nd7 16.g6 Bf6 17.h5 Bb7 18.Qh2 fxg6 19.hxg6 hxg6 20.Qxd6 Ne5 21.Nxe6 Rfc8 
22.Nc5 Rd8 23.Qc7 b4 24.f4 Ng4 25.Rxd8+ Rxd8 26.Qxb7 Nxe3 27.e5 bxc3 28.
exf6 Qf7 29.Qf3 Qd5 30.Ne4 Nc4 31.f7+ Kxf7 32.Ng5+ Kg8 33.Qxd5+ Rxd5 34.
bxc3 Rf5 35.Ne6 Kf7 36.Re1 Nd2+ 37.Kc1 Nf3 38.Re3 Nh4 39.Ng5+ Kf8 40.Re4 
Ng2 41.Ra4 a5 42.Rc4 Ke7 43.Re4+ 1-0

[Event "zonal 1.2a"]
[Site "Ptuj SLO"]
[Date "1995.04.22"]
[Round "15"]
[White "Lobron, Eric"]
[Black "Kortschnoj, Viktor"]
[Result "1/2-1/2"]
[WhiteElo "2575"]
[BlackElo "2635"]
[EventDate "1995.04.05"]
[PlyCount "84"]

1.c4 Nf6 2.Nc3 e5 3.e3 g6 4.d4 d6 5.dxe5 dxe5 6.Qxd8+ Kxd8 7.Nf3 Nbd7 8.
Ng5 Ke8 9.Nb5 Bd6 10.Be2 h6 11.Nf3 Bb4+ 12.Bd2 Bxd2+ 13.Nxd2 Kd8 14.O-O-O 
c6 15.Nc3 Kc7 16.b4 a5 17.a3 axb4 18.axb4 Nb6 19.Kc2 Na4 20.e4 Nxc3 21.
Kxc3 Be6 22.Ra1 b6 23.Rhb1 Rhc8 24.f3 Kd6 25.g3 g5 26.Bd3 Kc7 27.Nf1 Kb7 
28.Bc2 Rxa1 29.Rxa1 Ra8 30.Rxa8 Kxa8 31.c5 Kb7 32.Ne3 b5 33.Bb3 Kc7 34.
Bxe6 fxe6 35.Nd1 Kd8 36.Nf2 Ke7 37.Kd2 Nd7 38.Kc3 Nf8 39.Nd3 Ng6 40.Kb2 h5
41.Kc2 Kf7 42.Nc1 Ke8 1/2-1/2

[Event "zonal 1.2a"]
[Site "Ptuj SLO"]
[Date "1995.04.22"]
[Round "15"]
[White "Luther, Thomas"]
[Black "Kindermann, Stefan"]
[Result "1/2-1/2"]
[WhiteElo "2550"]
[BlackElo "2585"]
[EventDate "1995.04.05"]
[PlyCount "30"]

1.e4 e6 2.d4 d5 3.Nc3 Nf6 4.e5 Nfd7 5.f4 c5 6.Nf3 Nc6 7.Be3 cxd4 8.Nxd4 
Bc5 9.Qd2 Nxd4 10.Bxd4 Bxd4 11.Qxd4 Qb6 12.Qxb6 Nxb6 13.O-O-O Bd7 14.Bd3 
h5 15.h4 Ke7 1/2-1/2

[Event "zonal 1.2a"]
[Site "Ptuj SLO"]
[Date "1995.04.22"]
[Round "15"]
[White "Lutz, Christopher"]
[Black "Enders, Peter"]
[Result "1-0"]
[WhiteElo "2560"]
[BlackElo "2480"]
[EventDate "1995.04.05"]
[PlyCount "47"]

1.d4 Nf6 2.c4 g6 3.Nc3 Bg7 4.e4 d6 5.f3 O-O 6.Bg5 Nc6 7.Nge2 a6 8.Qd2 Rb8 
9.Rc1 Re8 10.d5 Na5 11.Ng3 c5 12.b3 Bd7 13.Be2 b5 14.O-O bxc4 15.bxc4 Rb4 
16.Nd1 Qb6 17.Bh6 Bh8 18.h4 Rb8 19.h5 Nb7 20.f4 Ng4 21.Bxg4 Bxg4 22.f5 
Bd4+ 23.Kh1 gxh5 24.Qg5+ 1-0

[Event "zonal 1.2a"]
[Site "Ptuj SLO"]
[Date "1995.04.22"]
[Round "15"]
[White "Robatsch, Karl"]
[Black "Wach, Markus"]
[Result "1/2-1/2"]
[WhiteElo "2410"]
[BlackElo "2385"]
[EventDate "1995.04.05"]
[PlyCount "21"]

1.c4 c6 2.d4 d5 3.cxd5 cxd5 4.Nc3 Nc6 5.Nf3 Nf6 6.Bf4 Bf5 7.e3 e6 8.Rc1 
Be7 9.Bd3 Bxd3 10.Qxd3 O-O 11.O-O 1/2-1/2

[Event "zonal 1.2a"]
[Site "Ptuj SLO"]
[Date "1995.04.22"]
[Round "15"]
[White "Zuger, Beat"]
[Black "Landenbergue, Claude"]
[Result "1/2-1/2"]
[WhiteElo "2480"]
[BlackElo "2430"]
[EventDate "1995.04.05"]
[PlyCount "21"]

1.d4 d5 2.c4 e6 3.Nc3 Bb4 4.cxd5 exd5 5.Nf3 Ne7 6.Qb3 Bd6 7.Nb5 O-O 8.e3 
Nbc6 9.Nxd6 Qxd6 10.Be2 Bf5 11.Bd2 1/2-1/2